Statistiche per Valute d'Europa

Clicka qui per fare il quiz!

Statistiche generali

  • Questo quiz è stato fatto 158 volte
    (105 dall'ultimo reset)
  • Il punteggio medio è 33 su 45

Statistiche sulle risposte

PaeseValuta% Corretto
SlovacchiaEuro
100%
PortogalloEuro
100%
MontenegroEuro
100%
MonacoEuro
100%
MaltaEuro
100%
AndorraEuro
100%
LussemburgoEuro
100%
LituaniaEuro
100%
SloveniaEuro
100%
LettoniaEuro
100%
ItaliaEuro
100%
San MarinoEuro
100%
IrlandaEuro
100%
GreciaEuro
100%
GermaniaEuro
100%
FranciaEuro
100%
FinlandiaEuro
100%
EstoniaEuro
100%
CroaziaEuro
100%
CiproEuro
100%
SpagnaEuro
100%
BelgioEuro
100%
AustriaEuro
100%
Paesi BassiEuro
100%
Regno UnitoSterlina
76%
SvizzeraFranco svizzero
74%
TurchiaLira turca
66%
RussiaRublo russo
59%
DanimarcaCorona danese
55%
LiechtensteinFranco svizzero
53%
SveziaCorona svedese
52%
NorvegiaCorona norvegese
43%
UngheriaFiorino ungherese
43%
Repubblica CecaCorona ceca
41%
IslandaCorona islandese
41%
PoloniaZłoty
40%
RomaniaLeu rumeno
38%
BulgariaLev
38%
AlbaniaLek
36%
BielorussiaRublo bielorusso
34%
MoldaviaLeu moldavo
31%
Bosnia ed ErzegovinaMarco bosniaco
31%
SerbiaDinaro serbo
26%
Macedonia del nordDinaro macedone
19%
UcrainaGrivnia ucraina
17%

Distribuzione punteggi

Percentile per numero di risposta

Percentuale di utenti per punteggio

I tuoi punteggi nel tempo

Non hai fatto questo quiz dall'ultimo reset